000 00694nas a2200229 4500
001 BR2012006248
003 BR-BrBNA
005 20231205121019.0
007 ta
008 230509b bl.|||p| |||| 00| 00por d
040 _aBR-BrBNA
_bpor
_cBiblioteca Nacional de Agricultura
041 _a(Pt)
072 _aF70
100 1 _aRick, J.
245 1 _aBasidiomycetes Eubasidii in Rio Grande do Sul, Brasília: index
650 _aBASIDIOMICETES
650 _aRIO GRANDE DO SUL
650 _aFUNGO COMESTÍVEL
773 0 _tIheringia. Série Botânica (Brazil)
_xISSN 0073-4705
_g(Jan 1963), v. 11 p. 2-32
_wBR2012006248
909 _a202311
_bLúcia
_c55
_dLúcia Elande
942 _2AGRIS
_n0
_cANA
999 _c221462
_d221462